• 首页
  • 本馆介绍
  • 公告通知
  • 最新文献
  • 馆藏检索
  • 电子资源
  • 读者导购
  • 参考咨询
  • 我的图书馆
  • 登录
  • 详细信息显示
  • 放入我的书架
  • 预约/预借图书
  • 作者相关作品
  • 分类相关作品
  • 丛书相关作品
  • 出版社相关作品

书目信息

  • 表格格式
  • 工作单格式
  • 卡片格式
题名:
西方经济学
    
 
作者: 高鸿业 主编 ;刘文忻 编写
分册: 下册   宏观部分
出版信息: 北京   中国经济出版社  1996
页数: 863页
开本: 20cm
丛书名:
单 册:
中图分类: F0
科图分类:
主题词: 现代资产阶级经济学--高等学校--教材 , 宏观经济学--高等学校--教材
电子资源:
ISBN: 7-5017-3623-5
000 00860nam0 2200277 45
001 0197000444
005 20061012082813.01
010    @a7-5017-3623-5@dCNY22.00
100    @a19961216d1996 em y0chiy0120 ea
101 0  @achi
102    @aCN@b110000
105    @ay z 000yy
200 10 @a西方经济学@Axi fang jing ji xue@h下册@i宏观部分@f高鸿业主编@g刘文忻等编写
210    @a北京@c中国经济出版社@d1996
215    @a863页@d20cm
300    @a国家教委推荐 高等学校财经类专业核心课程教材 国家教委高教司组编
314    @a高鸿业,人民大学任教
314    @a刘文忻,北京大学任教
540 1  @a经济学@Ajing ji xue
606    @a现代资产阶级经济学@x高等学校@x教材
606    @a宏观经济学@x高等学校@x教材
690    @aF0@v3
701  0 @a高鸿业@Agao hong ye@4主编
702  0 @a刘文忻@Aliu wen xin@4编写
801  0 @aCN@bTSSF@c20061012
905    @a10447@dF0@e241:2
    
    西方经济学.下册.宏观部分/高鸿业主编/刘文忻等编写.-北京:中国经济出版社,1996
    863页;20cm
    国家教委推荐 高等学校财经类专业核心课程教材 国家教委高教司组编
    
    ISBN 7-5017-3623-5:CNY22.00
    
●
相关链接 在E读中查询图书 在五车中查询图书 在当当中查询图书 在豆瓣中查询图书


正题名:西方经济学     索取号:F0/241:2         预约/预借

序号 登录号 条形码 馆藏地/架位号 状态 备注
1 0501624   205016249   第一样本阅览室/ [索取号:F0/241:2] 在馆    
唐山师范学院图书馆 欢迎您!
大连网信软件有限公司© 版权所有